Heat killing of bacillus subtilis spores in water is not due to oxidative damage /
Sparad:
| Huvudupphovsman: | |
|---|---|
| Övriga upphovsmän: | |
| Materialtyp: | Artikel |
| Språk: | English |
| Ämnen: | |
| Taggar: |
Lägg till en tagg
Inga taggar, Lägg till första taggen!
|
| Thư viện lưu trữ: | Thư viện Trường Đại học Đà Lạt |
|---|
| LEADER | 00954nam a2200325 4500 | ||
|---|---|---|---|
| 001 | DLU090091777 | ||
| 005 | ##20091201 | ||
| 040 | # | # | |a DLU |b eng |
| 041 | # | # | |a eng |
| 044 | # | # | |a us |
| 100 | # | # | |a Setlow, Barbara. |
| 245 | # | # | |a Heat killing of bacillus subtilis spores in water is not due to oxidative damage / |c Barbara Setlow, Peter Setlow. |
| 653 | # | # | |a Bacillus subtilis |
| 653 | # | # | |a Bacteria |
| 653 | # | # | |a DNA |
| 653 | # | # | |a Heat resistance |
| 653 | # | # | |a Heat treatment |
| 653 | # | # | |a Oxidative stress |
| 653 | # | # | |a Spores |
| 700 | # | # | |a Setlow, Peter. |
| 773 | # | # | |t Applied and Environmental Microbiology |g Vol. 64, no. 10 (October 1998), p. 4109-4112 |
| 920 | # | # | |a Phòng Tạp chí -- Trung tâm Thông tin - Thư viện Trường Đại học Đà Lạt |
| 994 | # | # | |a DLU |
| 900 | # | # | |a True |
| 911 | # | # | |a Trương Bảo Trâm Anh |
| 925 | # | # | |a G |
| 926 | # | # | |a A |
| 927 | # | # | |a BB |
| 980 | # | # | |a Thư viện Trường Đại học Đà Lạt |